000 00744 a2200253 4500
001 23849
003 TR-AnTOB
005 20250507135124.0
008 110203s2001 etu 001 0
020 _a0582465818
040 _cTR-AnTOB
041 0 _aeng
050 0 0 _aPE1128
_b.C53 2001
099 _aPE EASY PEA L3 CLA 2003
245 0 0 _aClassic stories mystery and adventure /
_cedited by Will Fowler.
264 1 _aHarlow :
_bPearson Education Limited ,
_c1997.
300 _a55 s.:
_bres. ;
_c20 cm.
490 0 _aPenguin Readers.
500 _aLevel 3.Pre-Intermediate(1200 words)
650 0 0 _aEnglish languages
_xStudy and teaching
_96341
650 0 7 _aİngiliz dili
_xÇalışma ve öğretim
_2etuturkob
_917226
942 _cBK
_2lcc
999 _c23849
_d10430